Mixed Trivia Quiz Slideshow X (Hard) Stats

 Plays Quiz not verified by Sporcle

Challenge
Share
Tweet
Score 0/20 Timer 04:00
0 Plays Today
% Correct
Winston Churchill
87.7%
Great Sphinx of Giza
82.5%
Usain Bolt
81.9%
Robert de Niro
80.8%
Russell Crowe
77.1%
Denmark
74.7%
Orlando Bloom
68.7%
Toronto
66.3%
Penélope Cruz
66.3%
Lamborghini
58.9%
% Correct
Nepal
58.4%
Alicia Keys
57.8%
Arc de Triomphe de l'Étoile
56%
Backstreet Boys
53.6%
Acura
44%
AC Milan
42.8%
Infiniti
36.7%
Angkor Wat
34.2%
Angola
28.8%
Berlin
19.3%

You're not logged in!

Compare scores with friends on all Sporcle quizzes.
Join for Free
OR
Log In

You Might Also Like...

Show Comments

Extras

Top Quizzes Today


Score Distribution

Your Account Isn't Verified!

In order to create a playlist on Sporcle, you need to verify the email address you used during registration. Go to your Sporcle Settings to finish the process.

Report this User

Report this user for behavior that violates our Community Guidelines.

Details: